| Tag |
First Indicator |
Second Indicator |
Subfields |
| LEADER |
00000ctm a2200000Ia 4500 |
| 001 |
in00001110285 |
| 005 |
20200904152555.0 |
| 008 |
921216s1991 xx a bm 000 0 eng d |
| 035 |
|
|
|a (OCoLC)ocm27131457
|
| 035 |
|
|
|9 AFU9909AM
|
| 040 |
|
|
|a TXA
|b eng
|c TXA
|d OCLCQ
|d OCLCO
|d OCLCA
|d OCLCF
|d OCLCQ
|d TXA
|
| 035 |
|
|
|a (OCoLC)27131457
|
| 043 |
|
|
|a ps-----
|
| 049 |
|
|
|a TXAM
|
| 099 |
|
|
|a 1991
|a Dissertation
|a L581
|
| 100 |
1 |
|
|a Leonard, John Nicholas,
|d 1955-
|
| 245 |
1 |
0 |
|a Physical and geotechnical properties of seafloor sediments from the Vanuatu Collision Zone in the Central New Hebrides Island Arc, South Pacific Ocean /
|
| 264 |
|
1 |
|c 1991.
|
| 300 |
|
|
|a xiii, 142 leaves :
|b illustrations ;
|c 29 cm
|
| 336 |
|
|
|a text
|b txt
|2 rdacontent
|
| 337 |
|
|
|a unmediated
|b n
|2 rdamedia
|
| 338 |
|
|
|a volume
|b nc
|2 rdacarrier
|
| 500 |
|
|
|a Typescript (photocopy).
|
| 502 |
|
|
|b Ph. D.
|c Texas A & M University
|d 1991
|
| 500 |
|
|
|a Vita.
|
| 504 |
|
|
|a Includes bibliographical references.
|
| 500 |
|
|
|a "Major subject: Oceanography."
|
| 520 |
3 |
|
|a Physical properties measurements and geotechnical testing of Ocean Drilling Program Leg 134 cores from the d'Entrecasteaux Zone (DEZ) and the intra-arc North Aoba Basin (NAB) in the southwest Pacific Ocean provide a quantitative basis to further our understanding of sediment processes at active margins. Collision of the twin DEZ ridges with the Vanuatu Island arc complicates subduction in the Central New Hebrides Trench. The North d'Entrecasteaux Ridge (NDR) and Bougainville Guyot appear to clog the trench, uplifting Espiritu Santo Island at a rapid rate and helping to form the NAB, a deep depression of the Pacific plate which traps sediment and ash from the surrounding island volcanoes. Water content and porosity measurements indicate significantly less fluid exists in the Vanuatu accretionary complex than was found by previous drilling in the Barbados and Nankai prisms. This is due in part to sediments being incorporated into the complex from the DEZ which are more coarse-grained, less porous, and more permeable than the pelagic clay-dominated Barbados forearc. Tectonically induced lateral compression is taking place in the collision complex, resulting in pore volume reduction, sediment strengthening, and intense dewatering through fracture permeability. Lower matrix permeabilities in certain sedimentary units appear to channel fluids through thrust faults to more permeable, tectonically fractured lithologies. Sediments in the DEZ are primarily overconsolidated, due to intensive dewatering during the collision process. Geotechnical tests also provide evidence that each ridge of the d'Entrecasteaux zone causes a different style of forearc deformation. The denser NDR is subducting beneath Espiritu Santo and its sediment cover is being sheared off and accreted, while the more buoyant Bougainville Guyot is riding up on the arc and overconsolidating sediments in its path. Underconsolidated sediments and probable excess pore pressures on the flank of the North d'Entrecasteaux Ridge are evidence of a "squeegee effect" in front of the ridge as its scrapes material northward while obliquely subducting beneath the Vanuatu Islands. Progressively underconsolidated sediments with depth below the seafloor in the North Aoba Basin attest to rapid deposition as the result of active Quaternary volcanism. Relatively low intergranular permeabilities range from 10^-6 to 10^-8 cm/sec, and vary within lithostratigraphic horizons. Permeability values appear lower in the d'Entrecasteaux Zone than in the North Aoba Basin, possibly due to collision.
|
| 650 |
|
0 |
|a Marine sediments
|z Oceania.
|
| 650 |
|
0 |
|a Geology
|z Oceania.
|
| 650 |
|
0 |
|a Marine geotechnics.
|
| 650 |
|
4 |
|a Major oceanography.
|
| 650 |
|
7 |
|a Geology.
|2 fast
|0 (OCoLC)fst00940627
|
| 650 |
|
7 |
|a Marine sediments.
|2 fast
|0 (OCoLC)fst01009957
|
| 651 |
|
7 |
|a Oceania.
|2 fast
|0 (OCoLC)fst01242982
|
| 655 |
|
7 |
|a Academic theses
|2 lcgft
|
| 700 |
1 |
|
|a Bryant, William R.,
|e degree supervisor.
|
| 700 |
1 |
|
|a Dunlap, Wayne A.,
|e degree committee member.
|
| 700 |
1 |
|
|a Gardner, Wilford D.,
|e degree committee member.
|
| 700 |
1 |
|
|a McCabe, Robert J.,
|e degree committee member.
|
| 700 |
1 |
|
|a Rezak, Richard,
|e degree committee member.
|
| 700 |
1 |
|
|a Stokking, Laura B.,
|e degree committee member.
|
| 710 |
2 |
|
|a Texas A & M University,
|e degree granting institution.
|
| 856 |
4 |
1 |
|x http://hdl.handle.net/1969.1/DISSERTATIONS-1277019
|z Link to OAKTrust copy
|t 0
|
| 856 |
4 |
1 |
|u http://proxy.library.tamu.edu/login?url=http://proquest.umi.com/pqdweb?did=746243821&sid=1&Fmt=2&clientId=2945&RQT=309&VName=PQD
|z Link to OAKTrust copy
|t 0
|
| 994 |
|
|
|a C0
|b TXA
|
| 999 |
f |
f |
|s 163e1f69-523f-3562-ba87-40c59ced8ed7
|i 3be8bc7b-5539-3d1e-b1b7-65542bafd68e
|t 0
|
| 952 |
f |
f |
|p noncirc
|a Texas A&M University
|b J.J. Pickle Campus
|c High Density Repository
|s HDR
|d Remote Storage
|t 0
|e 1991 Dissertation L581
|h Other scheme
|i unmediated -- volume
|m A14841030223
|
| 952 |
f |
f |
|a Texas A&M University
|b College Station
|c Electronic Resources
|s www_evans
|d Available Online
|t 0
|e 1991 Dissertation L581
|h Other scheme
|
| 998 |
f |
f |
|a 1991 Dissertation L581
|t 0
|l Remote Storage
|
| 998 |
f |
f |
|a 1991 Dissertation L581
|t 0
|l Available Online
|